Temas clave de derecho penal presente y futuro de la polt̕ica criminal en Espaą

Detalles Bibliográficos
Autor principal: Alapont, Jos ̌Len̤
Formato: eBook
Lenguaje:español
Publicado: Barcelona: J.M. Bosch Editor, 2021
Materias:
Acceso en línea:Acceso restringido

MARC

LEADER 00000nam a22000007a 4500
005 20220510211815.0
007 cr|||| ||||
008 220510s2021 es |||||s|||| 00||0 spa d
020 |a 978-84-123154-9-3 
035 |a 35632 
040 |a vLex 
090 |c 13312  |d 13312 
100 1 |a Alapont, Jos ̌Len̤ 
245 1 0 |a  Temas clave de derecho penal presente y futuro de la polt̕ica criminal en Espaą  |h [Recurso electrn̤ico] /  |c Jos ̌Len̤ Alapont 
256 |a Servicio en ln̕ea 
260 |a Barcelona:  |b J.M. Bosch Editor,  |c 2021 
300 |a 1 recurso electrn̤ico 
500 |a La presente obra aborda el estudio de aquellos temas ms̀ representativos de Derecho penal que en la actualidad copan el debate sobre el presente y futuro de la polt̕ica criminal en Espaą. En consecuencia, como podr ̀observar el lector, se analizan aquellos aspectos ms̀ controvertidos o que mayor atencin̤ han suscitado en la doctrina y entre los distintos operadores jurd̕icos, as ̕como las diversas propuestas de reforma que hay planteadas en la actualidad o que debieran afrontarse en un futuro. As ̕pues, el trabajo que aqu ̕se presenta combina el examen tčnico-jurd̕ico de determinados extremos con la evaluacin̤ de la tčnica legislativa empleada y el trasfondo polt̕ico de cada uno de los m̀bitos que son objeto de estudio. La seleccin̤ efectuada abarca temas de gran interš y actualidad como: el acoso inmobiliario, los delitos sexuales, los ultrajes a Espaą, el maltrato animal, la financiacin̤ ilegal de los partidos polt̕icos, la eutanasia, la prisin̤ permanente revisable, el delito de sedicin̤, el delito de coacciones a la huelga, delitos de odio, las insolvencias punibles, los delitos contra la libertad religiosa, la convocatoria y celebracin̤ de referňdums y consultas ilegales, medio ambiente, blanqueo de dinero, enaltecimiento del terrorismo, el indulto, la apologa̕ y exaltacin̤ del franquismo y la trata de seres humanos. As ̕pues, se ha pretendido reunir en este libro a reputados penalistas, especialistas cada uno de ellos en el campo que abordan, con la finalidad de resumir las distintas posiciones, debates, propuestas y soluciones que se dan encada uno de los temas propuestos. Siempre desde el mx̀imo rigor cientf̕ico y el ms̀ sano espr̕itu crt̕ico 
506 1 |a Disponible solo en los productos indicados  |d vLex Global  |d vLex Global (Academic Edition, excluding Law Schools)  |d vLex Global (U.S. Academic Edition, Law Schools)  |d vLex Global (U.S. Academic Edition, excluding Law Schools)  |d vLex Global (Academic Edition, Law Schools) 
650 0 4 |a Derecho Penal  |z Espaą 
650 0 4 |a Procedimiento Penal  |z Espaą 
740 0 |a vLex Libros (Servicio en ln̕ea) 
856 4 0 |u https://app.vlex.com/#/sources/35632  |z Acceso restringido 
942 |c BOOK 
999 0 |a Criminal Law 
999 0 |a Criminal Procedure